Lịch sử Trung Quốc
Bewaard in:
| Hoofdauteur: | |
|---|---|
| Andere auteurs: | |
| Formaat: | Boek |
| Gepubliceerd in: |
Hà Nội
Giáo dục
2001
|
| Onderwerpen: | |
| Tags: |
Voeg label toe
Geen labels, Wees de eerste die dit record labelt!
|
| Thư viện lưu trữ: | Trung tâm Học liệu Lê Vũ Hùng, Trường Đại học Đồng Tháp |
|---|
| LEADER | 00835pam a22003138a 4500 | ||
|---|---|---|---|
| 001 | 00037081 | ||
| 005 | 20171026081023.0 | ||
| 008 | 170424s2001 ||||||Viesd | ||
| 020 | # | # | |c 34000 |
| 041 | 0 | # | |a Vie |
| 082 | 1 | 4 | |a 951 |b L302S |
| 100 | 1 | # | |a Nguyễn, Gia Phu |
| 245 | 0 | 0 | |a Lịch sử Trung Quốc |c Nguyễn Gia Phu; Nguyễn Huy Quý |
| 260 | # | # | |a Hà Nội |b Giáo dục |c 2001 |
| 300 | # | # | |a 397tr. |c 24 cm. |
| 653 | # | # | |a Lịch sử |
| 653 | # | # | |a Trung Quốc |
| 653 | # | # | |a Sự kiện |
| 653 | # | # | |a Phong kiến |
| 700 | 1 | # | |a Nguyễn, Huy Quý |
| 852 | # | # | |j KD.0019899 |
| 852 | # | # | |b Kho đọc |j KD.0019899 |
| 910 | |d 24/04/2017 | ||
| 980 | # | # | |a Trung tâm Học liệu Lê Vũ Hùng, Trường Đại học Đồng Tháp |